00451 2200169 4500001002100000008004100021035002000062245004800082100002900130260002900159300001800188020002200206084001800228082000800246650001000254990001700264INLIS000000000000011 ind  a0010-0724000011 aAksi Seru BizasscAmalinda Zhafirani Nabila aNabila, Amalinda Zhafira aBandungbDar Mizanc2012 a96 hlmc21 cm a978-979-066-923-9 a899.221 AMA A a899 aFiksi aP29/CP/24/11